Ostanem len vaša

Bibliographic Details
Main Authors: Varga, Karol (Author, Interviewer), Bílá, Lucie, 1966- (Author)
Format: Article
Language:Slovak
PhysicalDescription:Fotogr.
ISSN:0139-7451
Subjects:

MARC

LEADER 00000nab a2200000 ar4500
001 vtls010062697
003 SK-MaSNL
005 20260303050856.0
008 100209c2010 xo wr|p|||||||000 b|slo
015 |a SNBRB2010/02 
038 |a SNKBUCL 
040 |a SNKBUCL  |b slo  |c SNKBUCL  |e AACR2 
041 |a slo 
044 |a xo  |c SK 
080 |a 78.071.2:784.66  |2 2001 
080 |a 784.66  |2 2001 
100 1 |a Varga, Karol  |4 aut  |4 ivr  |9 274098 
245 1 0 |a Ostanem len vaša  |c Karol Varga, Lucie Bílá 
300 |b Fotogr. 
600 1 7 |a Bílá, Lucie,  |d 1966-  |2 snkbucl  |9 137312 
655 7 |a rozhovory  |2 snkbucl  |9 31831 
700 1 |a Bílá, Lucie,  |d 1966-  |4 aut  |9 137312 
773 0 |t Eurotelevízia  |g Roč. 20, č. 4 (2010), s. 6-7  |x 0139-7451 
852 |a SNK  |b KIS3GCP 
958 |a BC 
999 |c 1709317  |d 1711247